Elecciones en El Salvador: resultados de elecciones
Sparad:
| Materialtyp: | Text |
|---|---|
| Ämnen: | |
| Taggar: |
Lägg till en tagg
Inga taggar, Lägg till första taggen!
|
MARC
| LEADER | 00000 a a2200000 04500 | ||
|---|---|---|---|
| 001 | 2346 | ||
| 003 | |||
| 040 | |||
| 245 | |a Elecciones en El Salvador: |b resultados de elecciones | ||
| 500 | |a Fuente: El Salvador proceso, marzo 1999 | ||
| 650 | |a POLITICA | ||
| 650 | |a ELECCIONES | ||
| 650 | |a PARTICIPACION POPULAR | ||
| 650 | |a DEMOCRACIA | ||
| 650 | |a OPINION PUBLICA | ||
| 650 | |a PARTIDOS POLITICOS | ||
| 650 | |a PROPAGANDA | ||
| 650 | |a VOTACION | ||
| 650 | |a COMPORTAMIENTO POLITICO | ||
| 650 | |a PARTICIPACION SOCIAL | ||
| 650 | |a CONCIENTIZACION | ||
| 650 | |a AFILIACION POLITICA | ||
| 773 | |g volumen 18, número 1; páginas 8 | ||
| 999 | |c 23503 |d 23503 | ||
